000191790 001__ 191790 000191790 005__ 20191223194719.0 000191790 0247_ $$2ISSN$$a0151-0509 000191790 0247_ $$2ISSN$$a0764-4442 000191790 0247_ $$2ISSN$$a1631-073X 000191790 0247_ $$2WOS$$aWOS:000298442000004 000191790 0247_ $$2DOI$$a10.1016/j.crma.2011.10.020 000191790 0247_ $$2HSB$$a999910124193 000191790 0247_ $$2SCOPUS$$aSCOPUS:2-s2.0-83155181396 000191790 037__ $$aRWTH-CONV-067548 000191790 041__ $$aEnglish 000191790 1001_ $$0P:(DE-82)IDM00072$$aGrepl, Martin A.$$b0$$eAuthor 000191790 245__ $$aA level set reduced basis approach to parameter estimation$$honline, print 000191790 246_3 $$aUne méthode à bases réduites du type « level set » pour estimer des paramètres$$yGerman 000191790 260__ $$aParis$$bAcadémie des Sciences$$c2011 000191790 3367_ $$0PUB:(DE-HGF)16$$2PUB:(DE-HGF)$$aJournal Article$$bjournal$$mjournal 000191790 3367_ $$2DataCite$$aOutput Types/Journal article 000191790 3367_ $$00$$2EndNote$$aJournal Article 000191790 3367_ $$2BibTeX$$aARTICLE 000191790 3367_ $$2ORCID$$aJOURNAL_ARTICLE 000191790 3367_ $$2DRIVER$$aarticle 000191790 591__ $$aGermany 000191790 7001_ $$0P:(DE-82)028268$$aVeroy-Grepl, Karen$$b1$$eAuthor 000191790 773__ $$0PERI:(DE-600)2079115-X$$a10.1016/j.crma.2011.10.020$$n23/24$$p1229-1232$$tComptes rendus mathematique$$v349$$x1631-073X 000191790 909CO $$ooai:publications.rwth-aachen.de:191790$$pVDB 000191790 9151_ $$0StatID:(DE-HGF)0031$$2StatID$$aPeer reviewed article 000191790 9201_ $$0I:(DE-82)110000_20140620$$k110000$$lFachgruppe Mathematik$$x0 000191790 9201_ $$0I:(DE-82)111730_20140620$$k111730$$lJuniorprofessur für Optimierung mit partiellen Differentialgleichungen$$x1 000191790 9201_ $$0I:(DE-82)112620_20140620$$k112620$$lLehr- und Forschungesgebiet Optimierung mit partiellen Differentialgleichungen$$x2 000191790 961__ $$c2014-08-11$$x2012-01-12$$z2012-02-20 000191790 970__ $$ahsb999910124193 000191790 980__ $$ajournal 000191790 980__ $$aI:(DE-82)110000_20140620 000191790 980__ $$aI:(DE-82)111730_20140620 000191790 980__ $$aVDB 000191790 980__ $$aUNRESTRICTED 000191790 980__ $$aConvertedRecord 000191790 980__ $$aI:(DE-82)112620_20140620